000 00916nam a22002537a 4500
005 20081001142919.0
008 081001t xxu||||| |||| 00| 0 eng d
010 _aENG-91105
020 _a9788184501032
_c980.00
035 _aEN-74638
037 _bDBAD /PUB
040 _adpl
_bEnglish
082 _a371.001
245 _aStudies in school eduction /
_cedited by Jagannath Mohanty
260 _aNew Delhi
_bDeep & Deep Publications
_c2008
300 _axix, 315p.
_c22 cm (Hb)
500 _aInclude bibliographical references and index
650 _aEducation, Primary
_zIndia
650 _aSchools
_zIndia
650 _aEducation
_zIndia
700 _aMohanty, Jagannath
942 _2ddc
_cEN
_mSTU
_h371.001
999 _c16115
_d16115